| 000 | 00715cab a2200169 4500 | ||
|---|---|---|---|
| 001 | L130493 | ||
| 008 | 050804n2005 000 0 eng u | ||
| 035 | _a(Sirsi) u130493 | ||
| 041 | _aeng | ||
| 245 | _aSpecial report: auction | ||
| 260 | _c2005 | ||
| 490 |
_aProperty Week _v70(31) 5 August 2005, 63-72 (7) |
||
| 520 | _aFocussing on auctions, this special report covers commercial property data from the analyst Focus, private investors affected by Southern Cross Group's decision to go into administration, and the back ground to and auction of the Unwins wine merchants property package. | ||
| 590 | _aIKA160805 | ||
| 690 | _aPROPERTY-COMMERCIAL PROPERTY-AUCTIONEERING COMMERCIAL PROPERTY | ||
| 942 | _n0 | ||
| 999 |
_c104469 _d104469 |
||